| 000 | 01136cam a2200193 4500 | ||
|---|---|---|---|
| 001 | WB3920-13 | ||
| 008 | 030528n2003 000 0 eng u | ||
| 035 | _a(Sirsi) u122435 | ||
| 245 | _aRICS rating consultancy draft practice statement | ||
| 260 | _c2003 | ||
| 490 |
_aRICS Valuation Faculty News _v28 May 2003 (1) |
||
| 520 | _aRating surveyors and other practitioners are invited to comment on the draft RICS "Rating consultancy practice statement". The draft and a background briefing are available to download. The practice statement is designed to enhance standards and consumer protection in respect of rating consultancy services. Comments should be addressed by 4 July 2003 to David Melhuish, RICS Policy Unit, 12 Great George Street, London SW1P 3AD or to [email protected] . http://www.rics.org/ricscms/bin/show?class=News&template=/includes/shownews.html&id=5923&faculty=Valuation&faculty=All%20Faculties | ||
| 590 | _aWB | ||
| 590 | _aCONSUMER PROTECTION | ||
| 650 | _aRATING SURVEYORS | ||
| 650 | _aRATING CONSULTANCY SERVICES | ||
| 690 | _aMANAGEMENT-BUSINESS MANAGEMENT-PROFESSIONAL PRACTICE | ||
| 942 | _n0 | ||
| 999 |
_c72773 _d72773 |
||